• 首页
  • 本馆介绍
  • 公告通知
  • 最新文献
  • 馆藏检索
  • 电子资源
  • 读者导购
  • 参考咨询
  • 我的图书馆
  • 登录
  • 详细信息显示
  • 放入我的书架
  • 预约/预借图书
  • 作者相关作品
  • 分类相关作品
  • 丛书相关作品
  • 出版社相关作品

书目信息

  • 表格格式
  • 工作单格式
  • 卡片格式
题名:
初等几何习题解答
    
 
作者: ;北京市初等数学编写组 , 莱湖师范专科学校 编
分册:  
出版信息: 莱湖   莱湖师范专科学校  不详
页数: 151页
开本: 19cm
丛书名: 初等数学研究
单 册:
中图分类: O123-44
科图分类:
主题词: 初等几何--解题
电子资源:
ISBN:
000 00741nam0 2200229 45
001 0178005662
005 20070804132428.60
010    @dCNY0.90
100    @a19950725d demy0chiy0121 ea
101 0  @achi
105    @ay z 000yy
200 10 @a初等几何习题解答@Achu deng ji he xi ti jie da@f莱湖师范专科学校编@Flai hu shi fan zhuan ke xue xiao bian
210    @a莱湖@c莱湖师范专科学校@d不详
215    @a151页@d19cm
225 2  @a初等数学研究
410  0 @12001 @a初等数学研究
606    @a初等几何@x解题
690    @aO123-44@v3
711 02 @a北京市初等数学编写组@Abei jing shi chu deng shu xue bian xie zu@4编
711  0 @a莱湖师范专科学校@Alai hu shi fan zhuan ke xue xiao@4编
801  0 @aCN@bTSSF@c20070804
905    @dO123-44@e55
    
    初等几何习题解答/莱湖师范专科学校编.-莱湖:莱湖师范专科学校,不详
    151页;19cm.-(初等数学研究)
    
    
    ISBN :CNY0.90
    
●
相关链接 在E读中查询图书 在五车中查询图书 在当当中查询图书 在豆瓣中查询图书


正题名:初等几何习题解答     索取号:O123-44/55         预约/预借

序号 登录号 条形码 馆藏地/架位号 状态 备注
1 0431604   204316043   密集书库/ [索取号:O123-44/55] 在馆    
2 0431605   204316052   密集书库/ [索取号:O123-44/55] 在馆    
3 0791725   207917254   密集书库/ [索取号:O123-44/55] 在馆    
4 0791726   207917263   密集书库/ [索取号:O123-44/55] 在馆    
5 0791727   207917272   密集书库/ [索取号:O123-44/55] 在馆    
唐山师范学院图书馆 欢迎您!
大连网信软件有限公司© 版权所有